Nová rizika spojená s e-obchodem

Riziko získania dôverných informácií (čísla kreditných kariet) pri e-obchode. Poistenie takýchto poistných udalostí.

Salvato in:
Dettagli Bibliografici
Natura: Capitolo di libro
Lingua:ceco
Soggetti:
Tags: Aggiungi Tag
Nessun Tag, puoi essere il primo ad aggiungerne!!

MARC

LEADER 00000naa a2200000 4500
001 r044151
005 20230922100751.1
041 0 |a cze 
044 |a CZ 
245 1 0 |a Nová rizika spojená s e-obchodem 
520 |a Riziko získania dôverných informácií (čísla kreditných kariet) pri e-obchode. Poistenie takýchto poistných udalostí. 
610 2 0 |a poisťovníctvo 
610 2 0 |a poistenie 
610 2 0 |a poistenci 
610 2 0 |a internet 
610 2 0 |a obchod elektronický 
610 2 0 |a riziko 
610 2 0 |a USA